| 000 | 01210nam a22003377a 4500 | ||
|---|---|---|---|
| 003 | CHAP | ||
| 005 | 20240417112123.0 | ||
| 008 | 971013s1979 r 00010 d | ||
| 010 | _a40182 | ||
| 011 | _a41154 | ||
| 035 | _a45280 | ||
| 040 | _cCHAP | ||
| 082 |
_a574.5 _bF57 |
||
| 100 | 1 | 0 |
_aFlores Alcántara, Roberto Arturo _941425 |
| 245 | _aNotas de ecología general; flujo y productividad de la energía | ||
| 260 |
_aChapingo, Méx. : _bUACH. Depto. de Fitotecnia, _c1979 |
||
| 300 |
_a61 p. _b: ilus. |
||
| 590 |
_aBATCH-UPD _b10 _c20130110 _lUCH01 _h1540 |
||
| 590 |
_aBATCH-UPD _b10 _c20130410 _lUCH01 _h0942 |
||
| 590 |
_aBATCH-UPD _b10 _c20130914 _lUCH01 _h1228 |
||
| 590 |
_aCONVERSION _b10 _c20130109 _lUCH01 _h1322 |
||
| 650 | 1 | 4 |
_aEcología. _935134 |
| 650 | 1 | 4 |
_aEnergía. _936881 |
| 901 | _aBK | ||
| 942 | _cLIBRO | ||
| 949 |
_a574.5 F57 _bBC _cLIBRO _d-103492 _eLIBRO _h60474 _i45280 _mD _si |
||
| 949 |
_a574.5 F57 _bBC _cLIBRO _d-103495 _eLIBRO _fc.3 _h60476 _i45280 _mD _si |
||
| 949 |
_a574.5 F57 _bBC _cLIBRO _d-103498 _eLIBRO _fc.4 _h60477 _i45280 _mD _si |
||
| 949 |
_a574.5 F57 _bBC _cLIBRO _d-103500 _eLIBRO _fc.5 _h60478 _i45280 _mD _si |
||
| 949 |
_a574.5 F57 _bBC _cUACH _d-103493 _eUACH _fc.2 _h60475 _i45280 _mD _si |
||
| 999 |
_c40182 _d40182 |
||